Statistics for Countries Bordering the Rep. of the Congo

Click here to take the quiz!

General Stats

  • This quiz has been taken 66 times
  • The average score is 5 of 5

Answer Stats

Countries% Correct
D.R Congo
98%
Angola (Cabinda)
91%
Central African Republic
91%
Gabon
89%
Cameroon
88%

Score Distribution

Percentile by Number Answered

Percent of People with Each Score

Your Score History

You have not taken this quiz